[Event "Chigorin Mem Rapid"]
[Site "St Petersburg RUS"]
[Date "2012.10.26"]
[Round "6.5"]
[White "Malakhatko,V"]
[Black "Socko,B"]
[Result "1/2-1/2"]
[WhiteElo "2558"]
[BlackElo "2619"]

1.d4 d5 2.c4 e6 3.Nf3 Nf6 4.Nc3 Be7 5.Bf4 O-O 6.e3 Nbd7 7.c5 Nh5 8.Bd3 Nxf4
9.exf4 c6 10.O-O b6 11.b4 a5 12.a3 Qc7 13.g3 Ba6 14.Re1 Rfb8 15.h4 Bxd3 16.Qxd3 axb4
17.axb4 bxc5 18.bxc5 g6 19.h5 Rxa1 20.Rxa1 Rb2 21.Ne5 Nxe5 22.fxe5 Qb7 23.Ne2 Bg5
24.Kf1 gxh5 25.Qf3 Rb1+ 26.Rxb1 Qxb1+ 27.Kg2 h4 28.Qg4 Qg6 29.f4 Bd8 30.Qxg6+ hxg6
31.g4 g5 32.fxg5 Bxg5 33.Ng1 Kg7 34.Nf3 Be3 35.Kh3 Bf2 36.Kg2 Bg3 37.Kh3 f6
38.exf6+ Kxf6 39.Nxh4 Bxh4 40.Kxh4 e5 41.g5+ Kf5 42.dxe5 Kxe5 43.Kg4 d4 44.Kf3 Kf5
45.g6 Kxg6 46.Ke4 Kg5 47.Kxd4 Kf4 48.Kd3 Ke5 49.Kc3 Kd5 50.Kd3 Kxc5 51.Kc3 Kb5
52.Kb3 c5 53.Kc3  1/2-1/2

[Event "TCh-SVK Extraliga 2012-13"]
[Site "Slovakia SVK"]
[Date "2012.10.27"]
[Round "1.4"]
[White "Zpevak,P"]
[Black "Federic,J"]
[Result "1-0"]
[WhiteElo "2379"]
[BlackElo "2299"]

1.d4 d5 2.Nf3 Nf6 3.c4 e6 4.Nc3 Be7 5.Bf4 c6 6.e3 O-O 7.c5 Nbd7 8.Bd3 Re8
9.b4 Nh5 10.O-O Nxf4 11.exf4 Nf8 12.Re1 Qc7 13.g3 b6 14.Ne5 Bd7 15.Qc2 f6
16.Nxd7 Qxd7 17.b5 bxc5 18.bxc6 Qc7 19.dxc5 Bxc5 20.Rac1 Bb4 21.Red1 Bxc3
22.Qxc3 Rab8 23.Qc5 Rb6 24.Bb5 Reb8 25.Ba4 Rb4 26.Rd4 a5 27.f5 Rxd4 28.Qxd4 Rb4
29.Qd1 Re4 30.fxe6 Nxe6 31.Qxd5 Re5 32.Qd1 Kf8 33.Bb3 Nc5 34.Bd5 Na6 35.Bg2 Re7
36.Qd3 Nb4 37.Qxh7 Re5 38.a3 Na6 39.Rd1 Nb8 40.Rb1 Na6  1-0

[Event "Chigorin Memorial"]
[Site "St Petersburg RUS"]
[Date "2012.10.28"]
[Round "2.27"]
[White "Grigoriants,S RUS"]
[Black "Usmanov,V"]
[Result "1-0"]
[WhiteElo "2578"]
[BlackElo "2336"]

1.Nf3 d5 2.d4 Nf6 3.c4 e6 4.Nc3 Be7 5.Bf4 O-O 6.a3 Nbd7 7.Nb5 Ne8 8.e3 c6
9.Nc3 Nef6 10.h3 b6 11.Rc1 Bb7 12.cxd5 Nxd5 13.Nxd5 exd5 14.Qa4 Re8 15.Be2 b5
16.Qc2 Qa5+ 17.Nd2 Nb6 18.O-O Nc4 19.Nf3 Qb6 20.a4 Rac8 21.b3 Na5 22.Ne5 g6
23.Bg4 b4 24.Bxc8 Rxc8 25.Nd7 Qd8 26.Nc5 Bxc5 27.dxc5 Qf6 28.Rfd1 g5 29.Bg3 Qg6
30.Rd4  1-0

[Event "Chigorin Memorial"]
[Site "St Petersburg RUS"]
[Date "2012.10.31"]
[Round "5.53"]
[White "Faizrakhmanov,Ramil"]
[Black "Fomichenko,E"]
[Result "0-1"]
[WhiteElo "2283"]
[BlackElo "2460"]

1.d4 d5 2.c4 e6 3.Nf3 Nf6 4.Nc3 Be7 5.Bf4 O-O 6.Rc1 Nbd7 7.e3 c5 8.dxc5 Nxc5
9.Be2 Qb6 10.Qc2 dxc4 11.Bxc4 Bd7 12.O-O Rac8 13.Qe2 Na4 14.Nxa4 Bxa4 15.b3 Bc6
16.Be5 Qa5 17.Bc3 Qh5 18.Nd4 Qxe2 19.Nxe2 Ne4 20.Bd4 Nd2 21.Rfe1 Nxc4 22.Rxc4 Bb5
23.Rxc8 Rxc8 24.Nc3 Bb4 25.Rc1 f6 26.f4 Ba6 27.Kf2 Ba3 28.Rb1 b6 29.Rd1 Bb7
30.g3 Ba6 31.g4 Kf7 32.Kg3 Bb4 33.Rc1 Ke7 34.Kf2 Ba3 35.Rd1 Rc6 36.g5 fxg5
37.fxg5 Bb4 38.Rc1 Kf7 39.Be5 Rc5 40.Bd4 Rf5+ 41.Kg3 Rxg5+ 42.Kh3 Ba3 43.Rd1 e5
44.Kh4 exd4 45.Kxg5 dxc3 46.Rd7+ Be7+ 47.Kf4 c2 48.Rc7 Bd3 49.Ke5 Kg6 50.Rc6+ Kg5
51.Kd4 Bc5+  0-1

[Event "22nd Caen Alekhine Open A"]
[Site "Caen FRA"]
[Date "2012.11.01"]
[Round "1.2"]
[White "Shchekachev,A"]
[Black "Levy,C"]
[Result "1-0"]
[WhiteElo "2519"]
[BlackElo "1844"]

1.Nf3 e6 2.c4 d5 3.d4 Nf6 4.Nc3 Be7 5.Bf4 c6 6.e3 O-O 7.Qc2 Nbd7 8.h3 h6
9.a3 dxc4 10.Bxc4 Nb6 11.Ba2 Nbd5 12.Bh2 Re8 13.O-O Bd6 14.Bxd6 Nxc3 15.bxc3 Qxd6
16.e4 Qf4 17.Rfe1 Bd7 18.e5 Nh7 19.Re4 Qf5 20.Rae1 c5 21.Qd2 Bc6 22.Rf4 Qh5
23.Rh4 Qg6 24.Bb1 f5 25.exf6 Qxf6 26.Rf4 Qe7 27.Ne5 cxd4 28.cxd4 Qg5 29.f3 Rf8
30.Qd3  1-0

[Event "Trophee Karpov KO 2012"]
[Site "Cap d'Agde FRA"]
[Date "2012.11.02"]
[Round "1.1"]
[White "Edouard,R"]
[Black "Karpov,Ana"]
[Result "1/2-1/2"]
[WhiteElo "2664"]
[BlackElo "2616"]

1.Nf3 Nf6 2.c4 e6 3.Nc3 d5 4.d4 Be7 5.Bf4 O-O 6.e3 Nbd7 7.Be2 c5 8.dxc5 Nxc5
9.cxd5 exd5 10.O-O a6 11.Rc1 Be6 12.Be5 Rc8 13.Bd4 h6 14.a3 Qd6 15.Ne5 Rfd8
16.b4 Nce4 17.Na4 Nd7 18.Nd3 Bf5 19.Rxc8 Rxc8 20.Nac5 Nexc5 21.Nxc5 Qc6 22.Bg4 Bxg4
23.Qxg4 Nf6 24.Qg3 Bd6 25.Qf3 Bxc5 26.bxc5 Ne4 27.Qg4 f6 28.h3 Rc7 29.Rd1 Qd7
30.Qxd7 Rxd7 31.f3  1/2-1/2

[Event "Chigorin Memorial"]
[Site "St Petersburg RUS"]
[Date "2012.11.02"]
[Round "7.62"]
[White "Gladyszev,O"]
[Black "Solovyov,V"]
[Result "1-0"]
[WhiteElo "2446"]
[BlackElo "2265"]

1.d4 d5 2.c4 e6 3.Nc3 Be7 4.Bf4 Nf6 5.Nf3 O-O 6.e3 Nbd7 7.cxd5 exd5 8.Bd3 Re8
9.Qc2 c6 10.h3 Nf8 11.Bh2 Be6 12.O-O N6d7 13.Ne5 f6 14.Nxd7 Qxd7 15.Na4 Bf7
16.Nc5 Bxc5 17.Qxc5 Bg6 18.Bxg6 hxg6 19.b4 Ne6 20.Qc2 Kf7 21.Rab1 a6 22.f3 Nf8
23.Rfe1 Qe6 24.a4 Rac8 25.Qc5 Qd7 26.Bg3 Ne6 27.Qc2 Nf8 28.Qd3 Qe6 29.b5 axb5
30.axb5 c5 31.dxc5 Rxc5 32.Bf2 Rcc8 33.Red1 Red8 34.Rb4 Rd7 35.Rd4 Rcd8 36.Qb3 g5
37.Bg3 g6 38.b6 Kg7 39.Bc7 Ra8 40.e4 Qc6 41.exd5 Qc5 42.Kh1 Ra3 43.Qb2 Rc3
44.R4d2 Rc4 45.Qb3 Kf7 46.Qd3 Kg7 47.Qf1 Rc3 48.Qg1 Qb5 49.Qe1 Qc5 50.d6 Rc2
51.Rxc2 Qxc2 52.Ra1 Qc4 53.Qe3 Qe6 54.Re1 Qf7 55.Qe4 Kg8 56.Qxb7 Rxd6 57.Qc8 Rd7
58.Rc1 Qe6 59.b7 Qe3 60.Bf4 gxf4 61.b8=Q Rf7 62.Qc4 g5 63.Qbc7 Qe8 64.Qc8 Qe3
65.Qe4 Qb3 66.Qg6+  1-0

[Event "FSIM Nov 2012"]
[Site "Budapest HUN"]
[Date "2012.11.03"]
[Round "1.5"]
[White "Kojima,S"]
[Black "Stigar,P"]
[Result "1-0"]
[WhiteElo "2339"]
[BlackElo "2290"]

1.Nf3 d5 2.d4 Nf6 3.c4 e6 4.Nc3 Be7 5.Bf4 O-O 6.a3 c5 7.dxc5 Bxc5 8.e3 Nc6
9.Qc2 Qa5 10.Rd1 Be7 11.Be2 dxc4 12.Bxc4 e5 13.Bg3 Bg4 14.O-O Rad8 15.Rxd8 Bxd8
16.Rd1 Bh5 17.Nd5 Bg6 18.Qb3 e4 19.Qxb7 exf3 20.Qxc6 fxg2 21.Bd6 Bc2 22.Bb4  1-0

[Event "TCh-CZE Extraliga 2012-13"]
[Site "Czech Republic CZE"]
[Date "2012.11.03"]
[Round "1.8"]
[White "Zpevak,P"]
[Black "Talla,V"]
[Result "1/2-1/2"]
[WhiteElo "2379"]
[BlackElo "2387"]

1.d4 d5 2.c4 e6 3.Nc3 Be7 4.Nf3 Nf6 5.Bf4 O-O 6.e3 Nbd7 7.c5 c6 8.Bd3 b6
9.b4 a5 10.a3 Bb7 11.h3 Qc8 12.O-O Ba6 13.Qc2 Qb7 14.Bxa6 Rxa6 15.Rfb1 axb4
16.axb4 Rfa8 17.Rxa6 Rxa6 18.g4 h6 19.Kg2 Bd8 20.Rb2 Bc7 21.Bxc7 Qxc7 22.Ra2 Qc8
23.Rxa6 Qxa6 24.b5 Qc8 25.bxc6 Qxc6 26.Qa4 Qxa4 27.Nxa4 bxc5 28.dxc5 Ne8
29.Nd4 Kf8 30.f4 Nc7 31.Kf3 Nf6 32.Nc3 Na6 33.Nb3 Nd7 34.Na4 Nf6 35.Nc3 Nd7
36.Na4 Nf6  1/2-1/2

[Event "TCh-CZE Extraliga 2012-13"]
[Site "Czech Republic CZE"]
[Date "2012.11.03"]
[Round "1.2"]
[White "Cyborowski,L"]
[Black "Azarov,S"]
[Result "1/2-1/2"]
[WhiteElo "2526"]
[BlackElo "2618"]

1.Nf3 Nf6 2.c4 e6 3.Nc3 d5 4.d4 Be7 5.Bf4 O-O 6.e3 Nbd7 7.c5 Ne4 8.Nxe4 dxe4
9.Ne5 Nxe5 10.Bxe5 b6 11.b4 f6 12.Bg3 a5 13.a3 axb4 14.axb4 Rxa1 15.Qxa1 Qd5
16.Be2 bxc5 17.bxc5 e5 18.dxe5 Be6 19.O-O f5 20.Rc1 Ra8 21.Qc3 Ra2 22.Kf1 Kf7
23.f3 Qa8 24.c6 exf3 25.Bxf3 Qa6+ 26.Kg1 Ra3 27.Qd2 Ra2 28.Qc3 Ra3 29.Qd2 Ra2
30.Qc3  1/2-1/2

[Event "4NCL 2012-13"]
[Site "Sunningdale ENG"]
[Date "2012.11.03"]
[Round "1.172"]
[White "Williams,Si1"]
[Black "McDonald,N"]
[Result "1-0"]
[WhiteElo "2511"]
[BlackElo "2454"]

1.d4 d5 2.c4 e6 3.Nc3 Be7 4.Nf3 Nf6 5.Bf4 O-O 6.e3 b6 7.Bd3 dxc4 8.Bxc4 Bb7
9.O-O c5 10.dxc5 Qxd1 11.Rfxd1 Bxc5 12.Ne5 Nc6 13.Nd7 Nxd7 14.Rxd7 Na5 15.Be2 Bc6
16.Rc7 Rfc8 17.Rxc8+ Rxc8 18.Rd1 Bb4 19.Nb5 Bxb5 20.Bxb5 Be7 21.g4 g5 22.Bg3 Rc2
23.b4 Bxb4 24.Rd8+ Kg7 25.Be5+ f6 26.Rd7+ Kf8 27.Bxf6 Nc4 28.Rd4 Kf7 29.Bxg5 Rc1+
30.Kg2 Nd6 31.Rxb4  1-0

[Event "Friendly Match 2012"]
[Site "Moscow RUS"]
[Date "2012.11.04"]
[Round "5"]
[White "Nepomniachtchi,I"]
[Black "Andreikin,D"]
[Result "1/2-1/2"]
[WhiteElo "2704"]
[BlackElo "2718"]

1.d4 Nf6 2.c4 e6 3.Nc3 d5 4.Nf3 Be7 5.Bf4 O-O 6.e3 Nbd7 7.a3 c5 8.cxd5 Nxd5
9.Nxd5 exd5 10.dxc5 Nxc5 11.Be5 Bg4 12.Be2 Bxf3 13.Bxf3 Bf6 14.Bxf6 Qxf6
15.Qxd5 Qxb2 16.O-O Rac8 17.Ra2 Qf6 18.Rc2 b6 19.Qc4 Rc7 20.Bd5 Ne6 21.Qb3 Rxc2
22.Qxc2 Rd8 23.Qc4 g6 24.g3 Nc5 25.Rd1 Kg7 26.h4 Qe5 27.Rd4 Rd7 28.Kg2 Rc7
29.Qa2 Rd7 30.Qc4 Rc7 31.Qe2 Rd7 32.Qd1 Ne4 33.f4 Qe7 34.Bc6 Rxd4 35.Qxd4+ Nf6
36.g4 Kg8 37.Bf3 h5 38.gxh5 Nxh5 39.f5 Qxa3 40.Qd8+ Qf8 41.Qc7  1/2-1/2

[Event "Chigorin Memorial"]
[Site "St Petersburg RUS"]
[Date "2012.11.04"]
[Round "9.109"]
[White "Pavlov,Aleks"]
[Black "Nasybullina,Alfia"]
[Result "1-0"]
[WhiteElo "2300"]
[BlackElo "2076"]

1.d4 Nf6 2.c4 e6 3.Nf3 d5 4.Nc3 Be7 5.Bf4 O-O 6.e3 b6 7.cxd5 Nxd5 8.Nxd5 Qxd5
9.Bd3 Bb4+ 10.Ke2 Bb7 11.Qc2 f5 12.Qxc7 Rc8 13.Qe5 Qd7 14.Rhc1 Nc6 15.Qb5 a6
16.Qxb6 Ba5 17.Qb3 Nb4 18.Bc4 Rxc4 19.Rxc4 Bd5 20.Ne5 Qe8 21.a3 Nc6 22.Nxc6 Bxc6
23.Rc5 Bb5+ 24.Rxb5 axb5 25.Rc1 Rc8 26.Rxc8 Qxc8 27.Qxb5 g5 28.Qxa5 Qc4+
29.Kf3 gxf4 30.Kxf4 Qe2 31.Ke5 Qxf2 32.Qd8+ Kg7 33.Qf6+ Kg8 34.Qxe6+ Kg7
35.Qf6+ Kg8 36.Qg5+ Kh8 37.Kf6  1-0

[Event "FSIM Nov 2012"]
[Site "Budapest HUN"]
[Date "2012.11.08"]
[Round "5.3"]
[White "Kojima,S"]
[Black "Holm,S"]
[Result "1/2-1/2"]
[WhiteElo "2339"]
[BlackElo "2274"]

1.Nf3 e6 2.d4 d5 3.c4 Nf6 4.Nc3 Be7 5.Bf4 c5 6.dxc5 Na6 7.cxd5 exd5 8.g3 Nxc5
9.Bg2 O-O 10.O-O Be6 11.Rc1 Qb6 12.Qd4 Rac8 13.Rfd1 Rfd8 14.Be5 h6 15.h3 Ncd7
16.Qxb6 Nxb6 17.Nb5 Rxc1 18.Rxc1 a6 19.Bc7 Ra8 20.Bxb6 axb5 21.Bd4 Rxa2 22.Rc7 Bd6
23.Rxb7 b4 24.Rb6 Ne4 25.Ne5 Ra1+ 26.Kh2 Bxe5 27.Bxe5 Nxf2 28.Bd4 Ne4 29.Rb8+ Kh7
30.Rxb4 Re1 31.Bf3 Ng5 32.g4 Nxf3+ 33.exf3 Rd1 34.Kg3 Rd3 35.Bc3 Rd1 36.Rd4 Rxd4
37.Bxd4 g5 38.b4 Bd7 39.h4 gxh4+ 40.Kxh4 Kg6 41.f4 f5 42.g5 hxg5+ 43.fxg5 f4
44.b5 Bxb5 45.Kg4 f3 46.Kxf3 Kxg5 47.Ke3  1/2-1/2

[Event "WY BU18 2012"]
[Site "Maribor SLO"]
[Date "2012.11.08"]
[Round "1"]
[White "Ismailov,M"]
[Black "Fedoseev,Vl3"]
[Result "1/2-1/2"]
[WhiteElo "2208"]
[BlackElo "2509"]

1.d4 Nf6 2.c4 e6 3.Nf3 d5 4.Nc3 Be7 5.Bf4 O-O 6.e3 b6 7.Rc1 c5 8.cxd5 Nxd5
9.Nxd5 exd5 10.Bd3 Nc6 11.O-O c4 12.Bb1 Bg4 13.Qc2 g6 14.Ne5 Nxe5 15.dxe5 b5
16.Qd2 Qd7 17.Qd4 Rfd8 18.Bh6 Qe6 19.Qf4 f6 20.exf6 Bxf6 21.f3 Bf5 22.e4 Be5
23.Qg5 Bf6 24.Qf4 dxe4 25.fxe4 Bd4+ 26.Kh1 Bg4 27.Rce1 Be5 28.Qg5 b4 29.Qe3 Qd6
30.Bg5 Rd7 31.h3 Be6 32.Bc2 Qd4 33.Qe2 b3 34.Rd1 Qxb2 35.Rxd7 bxc2 36.Bc1 Qc3
37.Qd2 Qxd2 38.Rxd2 c3 39.Rxc2 Bc4 40.Rd1 Rb8 41.Ba3 Bb5 42.Bd6 Rd8 43.Rd5 Ba4
44.Bxe5 Rxd5 45.exd5 Bxc2 46.Bxc3  1/2-1/2

[Event "WY BU14 2012"]
[Site "Maribor SLO"]
[Date "2012.11.09"]
[Round "2.41"]
[White "Lorparizangeneh,S"]
[Black "Skuhala,Luka"]
[Result "1-0"]
[WhiteElo "2216"]
[BlackElo "1852"]

1.d4 Nf6 2.c4 e6 3.Nf3 d5 4.Nc3 Be7 5.Bf4 O-O 6.Rc1 c6 7.e3 Nbd7 8.h3 Bb4
9.Qc2 Ne4 10.Bd3 f5 11.O-O h6 12.Ne2 Be7 13.Bh2 Ndf6 14.Ne5 Bd6 15.Nf4 Nd7
16.Nxe6 Qf6 17.Nxf8 Nxf8 18.f3 Ng5 19.cxd5 cxd5 20.Qb3 Be6 21.Qxb7 Rb8 22.Qa6 Rb6
23.Qxa7 Rxb2 24.Rc2 Bb8 25.Qa8 Rb6 26.Kh1 h5 27.Rc6 Rb2 28.Qa3 Rb7 29.Rb1  1-0

[Event "WY GU18 2012"]
[Site "Maribor SLO"]
[Date "2012.11.10"]
[Round "3.26"]
[White "Ivekovic,T"]
[Black "Mahmutbegovic,N"]
[Result "1/2-1/2"]
[WhiteElo "2014"]
[BlackElo "1730"]

1.d4 d5 2.c4 e6 3.Nc3 Nf6 4.Nf3 Be7 5.Bf4 O-O 6.e3 b6 7.cxd5 Nxd5 8.Bg3 Bb7
9.Bd3 Nxc3 10.bxc3 c5 11.O-O Nd7 12.Qc2 Nf6 13.Rad1 cxd4 14.cxd4 Rc8 15.Qb1 g6
16.Rc1 Nh5 17.Be5 Rxc1 18.Rxc1 Bd6 19.Be4 Ba6 20.Rc6 Bxe5 21.Nxe5 Nf6 22.Bf3 Qb8
23.Qc1 Rc8 24.Rxc8+ Bxc8 25.Qc6 Ba6 26.h4 Kg7 27.g4 Qc8 28.g5 Ne8 29.a4 Qxc6
30.Nxc6 Bb7 31.Kg2 a6 32.a5 bxa5 33.Nxa5 Bxf3+ 34.Kxf3 f5 35.Kf4 h6 36.Ke5 hxg5
37.hxg5 Kf7 38.Nc6 Ng7 39.Kd6 f4 40.Ne5+ Ke8 41.e4 a5 42.Kc5 Nh5 43.Kb5 f3
44.Nxf3 Nf4 45.Kxa5 Nd3 46.Kb6 Nxf2 47.e5 Ne4 48.Kc6 Ke7 49.Kc7 Ke8 50.Kc6 Ke7
51.d5 exd5 52.Kxd5 Nc3+ 53.Kc4 Ne2 54.Nd4 Nf4 55.Kc5 Nh3 56.Nf3 Nf4 57.Kd4 Ke6
58.Ke4 Nh3 59.Nd4+ Ke7 60.Nf3 Ke6  1/2-1/2

[Event "WY BU16 2012"]
[Site "Maribor SLO"]
[Date "2012.11.11"]
[Round "4.2"]
[White "Javanbakht,N"]
[Black "Grib,R"]
[Result "1-0"]
[WhiteElo "2416"]
[BlackElo "2332"]

1.d4 Nf6 2.c4 e6 3.Nf3 d5 4.Nc3 Be7 5.Bf4 O-O 6.e3 dxc4 7.Bxc4 a6 8.O-O b5
9.Bb3 Bb7 10.Qe2 c5 11.Rad1 cxd4 12.exd4 b4 13.Na4 Nd5 14.Bg3 Nd7 15.Ne5 Nxe5
16.Bxe5 Bc6 17.Rfe1 a5 18.Qg4 g6 19.Nc5 a4 20.Bc2 Qe8 21.Rd3 f5 22.Qd1 Bxc5
23.dxc5 Qf7 24.h4 h5 25.Rg3 Kh7 26.Rg5 Rfd8 27.Qe2 Re8 28.Bd4 e5 29.Bxf5 gxf5
30.Rxh5+ Kg6 31.Rg5+ Kh7 32.Bxe5 Rxe5 33.Qxe5 Re8 34.Rxf5 Rxe5 35.Rxf7+ Kg6
36.Rxe5 Kxf7 37.h5 Nf6 38.Rf5 Ke6 39.Rg5 Be4 40.h6 Bd5 41.Rxd5 Kxd5 42.g4 Nh7
43.f4 Nf8 44.g5 Kxc5 45.f5  1-0

[Event "WY GU16 2012"]
[Site "Maribor SLO"]
[Date "2012.11.11"]
[Round "4.35"]
[White "Franca,Veronika"]
[Black "Dall'orsoletta,Alaize"]
[Result "1/2-1/2"]
[WhiteElo "1979"]
[BlackElo "1765"]

1.d4 d5 2.c4 e6 3.Nc3 Be7 4.Bf4 Nf6 5.Nf3 c6 6.e3 Nbd7 7.Bd3 O-O 8.O-O Re8
9.h3 Nf8 10.a3 a5 11.Qe2 dxc4 12.Bxc4 Nd5 13.Bh2 Bd6 14.Bxd6 Qxd6 15.e4 Nxc3
16.bxc3 Qf4 17.e5 b5 18.Bd3 Ba6 19.g3 Qh6 20.h4 f6 21.Nd2 f5 22.Nb3 Bc8 23.Qf3 Bd7
24.Nc5 Rec8 25.Rfd1 Be8 26.Be2 Rab8 27.Qe3 Qg6 28.Rab1 Qf7 29.Rb2 Nd7 30.Rdb1 Nxc5
31.dxc5 Rb7 32.Rd2 Rd7 33.Rxd7 Qxd7 34.Rd1 Qe7 35.Rd6 Rd8 36.Qd4 Rxd6 37.Qxd6 Qxd6
38.exd6 e5 39.g4 g6 40.gxf5 gxf5 41.Bh5 Bd7 42.Kf1 Kg7 43.Ke2 Kh6 44.Bf7 Kg7
45.Bh5  1/2-1/2

[Event "WY BU18 2012"]
[Site "Maribor SLO"]
[Date "2012.11.11"]
[Round "4.19"]
[White "Makhmutov,R"]
[Black "Drnovsek,G"]
[Result "1-0"]
[WhiteElo "2354"]
[BlackElo "2236"]

1.d4 d5 2.c4 e6 3.Nc3 Nf6 4.Nf3 Be7 5.Bf4 O-O 6.Rc1 c6 7.e3 Nbd7 8.h3 a6
9.c5 b6 10.b4 a5 11.a3 Ne8 12.Bd3 Nc7 13.O-O Ba6 14.cxb6 Nxb6 15.Ne5 Bb7
16.Ne2 axb4 17.Nxc6 Bxc6 18.Rxc6 Ne8 19.axb4 Bxb4 20.Qb1 Ba5 21.Bxh7+ Kh8
22.Bd3 Rc8 23.Rfc1 Rxc6 24.Rxc6  1-0

[Event "FSIM Nov 2012"]
[Site "Budapest HUN"]
[Date "2012.11.14"]
[Round "11.6"]
[White "Szeberenyi,A"]
[Black "Holm,S"]
[Result "1-0"]
[WhiteElo "2347"]
[BlackElo "2274"]

1.d4 d5 2.c4 e6 3.Nf3 Nf6 4.Nc3 Be7 5.Bf4 c5 6.dxc5 Na6 7.cxd5 exd5 8.e3 Nxc5
9.Bb5+ Bd7 10.Bxd7+ Qxd7 11.Ne5 Qe6 12.Nb5 Qb6 13.a4 Ne6 14.O-O Nxf4 15.exf4 O-O
16.Nd4 a6 17.Nf5 Rfe8 18.Qd3 Rad8 19.Qg3 Nh5 20.Qg4 g6 21.Nh6+ Kg7 22.Nhxf7 Rc8
23.Rad1 Rc7 24.Ng5 Bxg5 25.Qxg5 Nf6 26.Ng4 Nxg4 27.Qxg4 Qc6 28.f5 Re4 29.Qg5 Re5
30.Rc1 Qd6 31.Rxc7+ Qxc7 32.Qg3 Qe7 33.fxg6 hxg6 34.Qc3 Kf7 35.g3 Re4 36.Rd1 Rxa4
37.Qf3+ Kg7 38.Rxd5 Rc4 39.Qd3 Rc7 40.h4 Qe1+ 41.Kg2 Qe6 42.Rd6 Qf7 43.Qd4+ Kh7
44.Qg4 Re7 45.Qg5 Re6 46.Qd5 Rf6 47.Rd7  1-0

[Event "22nd World Seniors Open"]
[Site "Kamena Vourla GRE"]
[Date "2012.11.14"]
[Round "2.3"]
[White "Timoscenko,G"]
[Black "El Gheiadi,I"]
[Result "1-0"]
[WhiteElo "2490"]
[BlackElo "2208"]

1.d4 d5 2.c4 e6 3.Nf3 Be7 4.Nc3 Nf6 5.Bf4 O-O 6.e3 c6 7.h3 Nbd7 8.Qc2 Re8
9.a3 Nf8 10.Bd3 dxc4 11.Bxc4 b5 12.Bd3 Bb7 13.O-O Rc8 14.e4 a6 15.b4 Ng6
16.Be3 Qc7 17.Rfd1 e5 18.Nxe5 Nxe5 19.dxe5 Qxe5 20.f4 Qh5 21.Qf2 g6 22.Be2 Qh6
23.f5 Qf8 24.e5 Nd5 25.Nxd5 cxd5 26.f6 Bd8 27.Bd4 Rc6 28.Rac1 Qh6 29.Rxc6 Bxc6
30.Bg4 Qg5 31.Qc2 Bb7 32.Qc1 Rxe5 33.Qxg5 Rxg5 34.Bd7 h6 35.Re1 Bc7 36.Re8+ Kh7
37.g4 Bg3 38.Kg2 Bh4 39.Rb8  1-0

[Event "WY BU16 2012"]
[Site "Maribor SLO"]
[Date "2012.11.14"]
[Round "7.33"]
[White "Ajeet Singh,Roshan"]
[Black "Batchelor,Peter J"]
[Result "0-1"]
[WhiteElo "2016"]
[BlackElo "2138"]

1.d4 d5 2.Nf3 Nf6 3.c4 e6 4.Nc3 Be7 5.Bf4 O-O 6.e3 b6 7.Qc2 c5 8.dxc5 bxc5
9.O-O-O Nc6 10.a3 Qb6 11.cxd5 exd5 12.Nxd5 Nxd5 13.Rxd5 Be6 14.Ng5 Bxg5 15.Rxg5 Na5
16.Bd3 f5 17.Qc3 Rf7 18.Be5 g6 19.h4 Nb3+ 20.Kb1 Rd7 21.h5 Qd8 22.hxg6 Qxg5
23.gxh7+ Rxh7  0-1

[Event "11th Kheireddine Ameyar Mem 2012"]
[Site "Algiers ALG"]
[Date "2012.11.16"]
[Round "1.11"]
[White "Belouadah,S"]
[Black "Meddeb,Chadha"]
[Result "1-0"]
[WhiteElo "2301"]
[BlackElo "1772"]

1.d4 d5 2.c4 e6 3.Nf3 Nf6 4.Nc3 Be7 5.Bf4 c6 6.e3 Nbd7 7.h3 O-O 8.c5 Qa5
9.Nd2 Re8 10.a3 Qd8 11.b4 Nf8 12.Bd3 Bd7 13.O-O Ng6 14.Bg3 a6 15.a4 b5 16.Qc2 Bf8
17.Ra2 Qc8 18.Rfa1 Qb7 19.Nb3 e5 20.axb5 cxb5 21.Na5 Qc8 22.Bxg6 fxg6 23.dxe5 Nh5
24.Bh2 Be6 25.Nb3 Qb7 26.Nd4 Bd7 27.Qb3  1-0

[Event "11th Kheireddine Ameyar Mem 2012"]
[Site "Algiers ALG"]
[Date "2012.11.16"]
[Round "2.8"]
[White "Arab,A"]
[Black "Bouhaddad,A"]
[Result "1-0"]
[WhiteElo "2428"]
[BlackElo "2156"]

1.d4 d5 2.c4 e6 3.Nc3 Nf6 4.Nf3 Be7 5.Bf4 O-O 6.e3 c5 7.dxc5 Bxc5 8.Qc2 dxc4
9.Bxc4 a6 10.O-O b5 11.Rfd1 Qb6 12.Bd3 Nbd7 13.Ne5 h6 14.Ne4 Nxe4 15.Bxe4 Ra7
16.Nc6 e5 17.Nxa7 Qxa7 18.Bg3 f6 19.Rac1 Bb6 20.b4 Nb8 21.Bd5+ Kh8 22.Qg6 Bd7  1-0

[Event "22nd World Seniors Open"]
[Site "Kamena Vourla GRE"]
[Date "2012.11.17"]
[Round "5.3"]
[White "Balashov,Y"]
[Black "Pushkov,N"]
[Result "1-0"]
[WhiteElo "2475"]
[BlackElo "2404"]

1.d4 d5 2.c4 e6 3.Nc3 Nf6 4.Nf3 Be7 5.Bf4 O-O 6.e3 Nbd7 7.Be2 c5 8.O-O dxc4
9.dxc5 Bxc5 10.Bxc4 a6 11.a4 Qe7 12.Bg5 h6 13.Bh4 Rd8 14.Qe2 Nf8 15.Ne4 Ng6
16.Bxf6 gxf6 17.Rfd1 Bd7 18.Nd4 Ba7 19.Bb3 Rac8 20.Qf3 f5 21.Nd2 Bxd4 22.exd4 Bc6
23.Qe3 f4 24.Qd3 Qb4 25.Bxe6 Ne5 26.Qh3 fxe6 27.dxe5 Bd5 28.Nf3 Rc7 29.Nd4 Re8
30.Qh5 Qf8 31.Nf5 Rh7 32.Qg6+ Kh8 33.Rxd5 exd5 34.e6 f3 35.Rd1 Rd8 36.Rd4 Rc8
37.Rd1 Rcc7 38.h3 Rcg7 39.Nxg7 Rxg7 40.Qxh6+ Kg8 41.Kf1 Qb4 42.Qe3 fxg2+
43.Kg1 Qxa4 44.b3 Qa3 45.Re1 Qe7 46.Qe5 d4 47.Qxd4 Qe8 48.Qd5 Kh7 49.Re4 Qe7
50.Rc4 Rg6 51.Qh5+ Kg7 52.Qe5+ Kh6 53.Qh8+  1-0

[Event "UNAM w Prelim C"]
[Site "Mexico City MEX"]
[Date "2012.11.17"]
[Round "2.1"]
[White "Maisuradze,N"]
[Black "Ordaz Valdes,L"]
[Result "1/2-1/2"]
[WhiteElo "2315"]
[BlackElo "2350"]

1.d4 d5 2.c4 e6 3.Nc3 Be7 4.Nf3 Nf6 5.Bf4 O-O 6.e3 c5 7.dxc5 Bxc5 8.a3 Nc6
9.Qc2 Qa5 10.Rd1 Be7 11.Be2 dxc4 12.Bxc4 e5 13.Bg3 Bg4 14.O-O Rac8 15.Bd3 g6
16.Qb3 b6 17.Rc1 Be6 18.Qb5 Qxb5 19.Bxb5 e4 20.Bxc6 Rxc6 21.Nd4 Rc4 22.Nxe6 fxe6
23.Ne2 Rfc8 24.Rxc4 Rxc4 25.Rc1 Rxc1+ 26.Nxc1 Nd5 27.Be5 Bf6 28.Bxf6 Nxf6
29.Ne2 Kf7 30.Nc3 Ke7 31.Kf1 Kd7 32.h3 Kc6 33.b4 a5 34.Ke2 axb4 35.axb4 b5
36.Kd2 h6 37.g3 Nd5 38.Nxd5 Kxd5 39.Kc3 Ke5 40.Kd2 Kd5 41.Kc3 e5 42.Kb3 Ke6
43.Kc3 Kf5 44.Kd2 h5 45.Ke2 g5 46.Kd2 Kf6 47.Kc3 Ke6 48.Kc2 Kd7 49.g4 hxg4
50.hxg4 Kd6 51.Kb3 Kd5  1/2-1/2

[Event "UNAM w Prelim C"]
[Site "Mexico City MEX"]
[Date "2012.11.17"]
[Round "2.3"]
[White "Maisuradze,N"]
[Black "Ordaz Valdes,L"]
[Result "1/2-1/2"]
[WhiteElo "2315"]
[BlackElo "2350"]

1.d4 d5 2.c4 e6 3.Nc3 Be7 4.Nf3 Nf6 5.Bf4 O-O 6.e3 c5 7.dxc5 Bxc5 8.a3 Nc6
9.Qc2 Qa5 10.Rd1 Be7 11.Be2 dxc4 12.Bxc4 e5 13.Bg3 Bg4 14.O-O Rac8 15.Bd3 Bxf3
16.gxf3 a6 17.Qb3 b5 18.Bf5 Rcd8 19.Nd5 Nxd5 20.Rxd5 Bf6 21.Bxh7+ Kxh7 22.Qc2+ Kg8
23.Qxc6 Rc8 24.Qd7 Rcd8 25.Qb7 Rb8 26.Qa7 Ra8 27.Qc5 Rac8 28.Qb4 Qxb4 29.axb4 Rc4
30.Ra1 Rxb4 31.Rxa6 Rxb2 32.Rb6 b4 33.Rdb5 Re8 34.Rxb4 Rxb4 35.Rxb4 g6 36.Rb5 Bg7
37.Kf1 f6 38.f4 exf4 39.Bxf4 Re7 40.Rb6 Kf7 41.Bd6 Re6 42.Bc5 Rxb6 43.Bxb6 f5
44.Bd4 Bf8 45.Kg2 Bd6 46.h3 Ke6 47.Kf3 Kd5 48.Bg7 Ke6 49.Ke2 Bc5 50.f3 Kd5
51.Kd3 Bd6 52.e4+ fxe4+ 53.fxe4+ Ke6 54.Kd4 Bh2 55.Ke3 Bb8 56.Kf3 Bc7 57.Bd4 Bd8
58.Kf4 Be7 59.Be3 Bd8 60.Kf3 Be7 61.Bf4 Bd8 62.Kg4 Be7 63.Bc7 Kd7 64.Bf4 Ke6
65.Bg5 Bf8 66.Bd8 Bh6 67.Bc7 Bc1 68.Bf4 Ba3 69.Kg5 Kf7 70.e5 Be7+ 71.Kh6 Bf8+
72.Kh7 Be7 73.Bg3 Bd8 74.h4 Be7 75.Bf2 Bd8 76.Bg3 Be7 77.Bf2 Bd8 78.e6+ Kxe6
79.Kxg6 Bxh4  1/2-1/2

[Event "UT Dallas Fall GM Inv 2012"]
[Site "Dallas USA"]
[Date "2012.11.18"]
[Round "5"]
[White "Iotov,V"]
[Black "Onischuk,Al"]
[Result "1/2-1/2"]
[WhiteElo "2570"]
[BlackElo "2676"]

1.d4 d5 2.Nf3 Nf6 3.c4 e6 4.Nc3 Be7 5.Bf4 O-O 6.e3 Nbd7 7.c5 Nh5 8.Bd3 Nxf4
9.exf4 c6 10.Qc2 h6 11.O-O b6 12.b4 a5 13.a3 Qc7 14.g3 Ba6 15.Bxa6 Rxa6 16.Qe2 Raa8
17.Rfc1 Rfb8 18.Qc2 Qb7 19.Nd1 axb4 20.axb4 Rxa1 21.Rxa1 Ra8 22.Rxa8+ Qxa8
23.Ne3 Qa1+ 24.Kg2 b5 25.h4 Bf6 26.Qd2 h5 27.Nc2  1/2-1/2

[Event "WY GU18 2012"]
[Site "Maribor SLO"]
[Date "2012.11.18"]
[Round "11.1"]
[White "Goryachkina,A"]
[Black "Chumpitaz,A"]
[Result "1-0"]
[WhiteElo "2378"]
[BlackElo "2219"]

1.d4 d5 2.c4 e6 3.Nf3 Be7 4.Nc3 Nf6 5.Bf4 O-O 6.e3 c6 7.a3 Nbd7 8.c5 Nh5
9.Bd3 Nxf4 10.exf4 Re8 11.O-O Nf8 12.b4 Qc7 13.g3 b6 14.Qc2 f6 15.Rfe1 bxc5
16.bxc5 Qa5 17.Na2 e5 18.fxe5 Bg4 19.exf6 Bxf6 20.Ne5 Bxe5 21.dxe5 Qxa3 22.Reb1 Qa5
23.f4 Qc7 24.Nc1 g5 25.Bf5 Bxf5 26.Qxf5 Qg7 27.Kh1 Ne6 28.Nd3 Re7 29.Qh3 Nd4
30.f5 g4 31.Qh5 Rf7 32.f6 Qg6 33.Qxg6+ hxg6 34.Ra4 Nf5 35.Rxg4 Kh7 36.Rgb4 a5
37.Rb7 Ra7 38.Rxa7 Rxa7 39.e6 a4 40.g4  1-0

[Event "UNAM w Prelim A"]
[Site "Mexico City MEX"]
[Date "2012.11.19"]
[Round "4.1"]
[White "Alexandrova,O"]
[Black "Rizzo,M"]
[Result "1-0"]
[WhiteElo "2409"]
[BlackElo "2054"]

1.d4 d5 2.c4 e6 3.Nc3 Nf6 4.Nf3 Be7 5.Bf4 c6 6.e3 O-O 7.a3 Bd6 8.Bxd6 Qxd6
9.c5 Qe7 10.Ne5 Nbd7 11.f4 Nxe5 12.fxe5 Ne8 13.Qh5 g6 14.Qh6 f6 15.exf6 Qxf6
16.O-O-O e5 17.Be2 exd4 18.exd4 Ng7 19.g4 Qf4+ 20.Qxf4 Rxf4 21.Rhf1 Ne6 22.Rxf4 Nxf4
23.Bf3 Bd7 24.Kd2 Re8 25.h4 h6 26.b4 g5 27.h5 Kg7 28.a4 Ne6 29.Ne2 Nf8 30.Rb1 Nh7
31.b5 Nf6 32.bxc6 Bxc6 33.Ng3 Ne4+ 34.Bxe4 dxe4 35.Nf5+ Kh7 36.Ke3 a5 37.Rb6 Rf8
38.d5 Bxa4 39.Rxb7+ Kh8 40.Nxh6 Bc2 41.Nf7+ Kg8 42.Nxg5 a4 43.Ra7 Rc8 44.c6 Bb3
45.Kxe4  1-0